Medicinal Chemistry :an introduction (Record no. 4040)

MARC details
000 -LEADER
fixed length control field 01294cam a22003494a 4500
001 - CONTROL NUMBER
control field 12084441
003 - CONTROL NUMBER IDENTIFIER
control field OSt
005 - DATE AND TIME OF LATEST TRANSACTION
control field 20190830085637.0
008 - FIXED-LENGTH DATA ELEMENTS--GENERAL INFORMATION
fixed length control field 000628s2000 enka b 001 0 eng c
010 ## - LIBRARY OF CONGRESS CONTROL NUMBER
LC control number 00043439
020 ## - INTERNATIONAL STANDARD BOOK NUMBER
International Standard Book Number 0471988073 (alk. paper)
020 ## - INTERNATIONAL STANDARD BOOK NUMBER
International Standard Book Number 0471489352 (pbk. : alk. paper)
035 ## - SYSTEM CONTROL NUMBER
System control number (DNLM)100959137
040 ## - CATALOGING SOURCE
Original cataloging agency DNLM/DLC
Transcribing agency DLC
Modifying agency DLC
042 ## - AUTHENTICATION CODE
Authentication code pcc
050 00 - LIBRARY OF CONGRESS CALL NUMBER
Classification number RS403
Item number .T447 2000
060 10 - NATIONAL LIBRARY OF MEDICINE CALL NUMBER
Classification number QV 744
Item number T4567m 2000
082 00 - DEWEY DECIMAL CLASSIFICATION NUMBER
Classification number QV 744
Edition number 21
Item number T361m 2000
100 1# - MAIN ENTRY--PERSONAL NAME
Personal name Thomas, Gareth,
9 (RLIN) 8805
245 10 - TITLE STATEMENT
Title Medicinal Chemistry :an introduction
260 ## - PUBLICATION, DISTRIBUTION, ETC. (IMPRINT)
Place of publication, distribution, etc. New York :
Name of publisher, distributor, etc. Wiley,
Date of publication, distribution, etc. 2000.
300 ## - PHYSICAL DESCRIPTION
Extent xxvii, 539 p. :
Other physical details ill. ;
Dimensions 24 cm.
504 ## - BIBLIOGRAPHY, ETC. NOTE
Bibliography, etc Includes bibliographical references and index.
650 #0 - SUBJECT ADDED ENTRY--TOPICAL TERM
Topical term or geographic name as entry element Pharmaceutical chemistry.
9 (RLIN) 283
650 22 - SUBJECT ADDED ENTRY--TOPICAL TERM
Topical term or geographic name as entry element Drug Design.
9 (RLIN) 1369
856 42 - ELECTRONIC LOCATION AND ACCESS
Materials specified Publisher description
Uniform Resource Identifier http://www.loc.gov/catdir/description/wiley034/00043439.html
856 4# - ELECTRONIC LOCATION AND ACCESS
Materials specified Table of Contents
Uniform Resource Identifier http://www.loc.gov/catdir/toc/onix06/00043439.html
906 ## - LOCAL DATA ELEMENT F, LDF (RLIN)
a 7
b cbc
c orignew
d 1
e ocip
f 20
g y-gencatlg
942 ## - ADDED ENTRY ELEMENTS (KOHA)
Source of classification or shelving scheme Dewey Decimal Classification
Koha item type Short Loan
Holdings
Withdrawn status Lost status Source of classification or shelving scheme Damaged status Not for loan Home library Current library Date acquired Inventory number Total Checkouts Full call number Barcode Date last seen Price effective from Koha item type
    Dewey Decimal Classification     MUST Main Library MUST Main Library 13/05/2016 2004/21209   QV 744 T361m 2000 2016-1904 13/05/2016 13/05/2016 Short Loan